[Event "RUS-ch U20"]
[Site "Kazan"]
[Date "2001.??.??"]
[Round "10"]
[White "Beradze, Sergej"]
[Black "Dudukin, Ilya"]
[Result "0-1"]
[WhiteElo "2383"]
[BlackElo "2279"]
[PlyCount "88"]
[EventDate "2001.??.??"]
[EventType "swiss"]
[EventRounds "11"]
[EventCountry "RUS"]
[SourceTitle "EXT 2002"]
[Source "ChessBase"]
[SourceDate "2001.11.25"]
[SourceVersion "1"]
[SourceVersionDate "2001.11.25"]
[SourceQuality "1"]

1. d4 Nf6 2. Nf3 g6 3. c4 Bg7 4. Nc3 0-0 5. e4 d6 6. Be2 Bg4 7. Be3 Nfd7 8. Rc1 e5 9. d5 a5 10. a3 Na6 11. 0-0 Bf6 12. Nd2 Bxe2 13. Qxe2 Bg5 14. Rb1 Bxe3 15. Qxe3 f5 16. exf5 gxf5 17. f4 Qh4 18. Nf3 Qh6 19. Ng5 Nf6 20. Ne6 Qxh2+ 21. Kxh2 Ng4+ 22. Kg1 Nxe3 23. Rf3 Nxc4 24. Nxf8 Rxf8 25. fxe5 dxe5 26. Rbf1 Nd6 27. g4 f4 28. Re1 Re8 29. Ne4 Nxe4 30. Rxe4 Kf7 31. Kf2 Kg6 32. Rc3 h5 33. Kf3 hxg4+ 34. Kxg4 Kf6 35. Rh3 Nc5 36. Rc4 Rg8+ 37. Kf3 Nd3 38. Rxc7 e4+ 39. Ke2 Rg2+ 40. Kf1 Rf2+ 41. Kg1 e3 42. d6 e2 43. Rc1 f3 44. d7 Rg2+ 0-1

[Event "RUS-ch U18"]
[Site "Rybinsk"]
[Date "2001.??.??"]
[Round "4"]
[White "Beradze, Sergej"]
[Black "Schupaleev, Andrey"]
[Result "0-1"]
[WhiteElo "2383"]
[BlackElo "2275"]
[PlyCount "60"]
[EventDate "2001.02.??"]
[EventType "swiss"]
[EventRounds "10"]
[EventCountry "RUS"]
[SourceTitle "EXT 2002"]
[Source "ChessBase"]
[SourceDate "2001.11.25"]
[SourceVersion "1"]
[SourceVersionDate "2001.11.25"]
[SourceQuality "1"]

1. d4 e6 2. c4 Nf6 3. g3 d5 4. Bg2 dxc4 5. Nf3 a6 6. a4 c5 7. 0-0 Nc6 8. Ne5 Bd7 9. e3 cxd4 10. exd4 Nxe5 11. dxe5 Nd5 12. Qg4 Qc7 13. Re1 g6 14. Na3 Rc8 15. Bg5 h6 16. Bd2 h5 17. Qe2 Nb4 18. Rec1 b5 19. axb5 axb5 20. Bg5 Bg7 21. Bf6 Bxf6 22. exf6 Nd3 23. Rc3 Qe5 24. Be4 Nc5 25. Nxb5 Nxe4 26. Na7 Ra8 27. Rxc4 Ng5 28. Qd1 Qd5 29. Qxd5 exd5 30. Rc5 Be6 0-1

[Event "RUS-ch U18"]
[Site "Rybinsk"]
[Date "2001.??.??"]
[Round "10"]
[White "Gudimov, Andrei"]
[Black "Beradze, Sergej"]
[Result "1/2-1/2"]
[WhiteElo "2174"]
[BlackElo "2383"]
[PlyCount "36"]
[EventDate "2001.02.??"]
[EventType "swiss"]
[EventRounds "10"]
[EventCountry "RUS"]
[SourceTitle "EXT 2002"]
[Source "ChessBase"]
[SourceDate "2001.11.25"]
[SourceVersion "1"]
[SourceVersionDate "2001.11.25"]
[SourceQuality "1"]

1. c4 e5 2. Nc3 d6 3. g3 Nc6 4. Bg2 Be6 5. d3 Qd7 6. b4 g6 7. b5 Nd8 8. e4 Bg7 9. Nge2 Bh3 10. 0-0 h5 11. f3 Ne7 12. Be3 h4 13. g4 Bxg2 14. Kxg2 f5 15. h3 Ne6 16. Nd5 0-0 17. Qd2 f4 18. Bf2 g5 1/2-1/2

[Event "RUS-ch U18"]
[Site "Rybinsk"]
[Date "2001.??.??"]
[Round "1"]
[White "Ivlev, Boris"]
[Black "Beradze, Sergej"]
[Result "1/2-1/2"]
[WhiteElo "2257"]
[BlackElo "2383"]
[PlyCount "70"]
[EventDate "2001.02.??"]
[EventType "swiss"]
[EventRounds "10"]
[EventCountry "RUS"]
[SourceTitle "EXT 2002"]
[Source "ChessBase"]
[SourceDate "2001.11.25"]
[SourceVersion "1"]
[SourceVersionDate "2001.11.25"]
[SourceQuality "1"]

1. d4 d5 2. c4 c6 3. cxd5 cxd5 4. Nc3 Nf6 5. Nf3 Nc6 6. Bf4 Nh5 7. Bg3 g6 8. e3 Bg7 9. Qb3 e6 10. Bh4 Nf6 11. Be2 0-0 12. 0-0 Qb6 13. Na4 Qxb3 14. axb3 Ne4 15. b4 f6 16. b5 Na5 17. b4 Nb3 18. Ra3 g5 19. Rxb3 gxh4 20. Rc1 h3 21. Nc5 e5 22. dxe5 Nxc5 23. Rxc5 fxe5 24. Rc7 Bf5 25. gxh3 Rac8 26. Rbc3 d4 27. Rxc8 Bxc8 28. Rc7 Be6 29. Ng5 Bb3 30. Bd3 h6 31. Ne4 Rd8 32. Nc5 dxe3 33. fxe3 b6 34. Rd7 Rxd7 35. Nxd7 Bd5 1/2-1/2